Cù lao tràm Tiểu thuyết Tập 2

Kaydedildi:
Detaylı Bibliyografya
Yazar: Nguyễn Mạnh Tuấn
Materyal Türü: Kitap
Dil:Vietnamese
Baskı/Yayın Bilgisi: Tp. Huế Nxb. Thuận Hóa 1985
Edisyon:Tái bản lần thứ 1
Konular:
Etiketler: Etiketle
Etiket eklenmemiş, İlk siz ekleyin!
Thư viện lưu trữ: Mạng thư viện Đại học Đà Nẵng
LEADER 01207nam a2200373 4500
001 000005431
003 1575
005 20120416110413.0
008 110816s1985 viesd
020 |c 8000đ 
041 0 |a vie 
082 |a 895.9223  |b NG-T 
100 0 |a Nguyễn Mạnh Tuấn 
245 1 0 |a Cù lao tràm  |b Tiểu thuyết  |c Nguyễn Mạnh Tuấn  |n Tập 2 
250 |a Tái bản lần thứ 1 
260 |a Tp. Huế  |b Nxb. Thuận Hóa  |c 1985 
300 |a 349 tr  |c 19 cm 
504 |a Tập 2 
653 |a Văn học hiện đại 
653 |a Việt Nam 
653 |a tiểu thuyết 
700 |a Nguyễn Mạnh Tuấn 
773 |t Cù lao tràm  |w 1572 
910 |a Nguyễn Thị Kim Oanh  |d 16/08/2011 
OWN |a LSP 
AVA |a UDN50  |b LSP  |d 895.9223 NG-T  |e unavailable  |t Error 5002 Not defined in file expand_doc_bib_avail.  |f 1  |g 1  |h N  |i 0  |k 1 
999 |a From the UDN01 
AVA |a UDN50  |b LSP  |d 895.9223 NG-T  |e unavailable  |t Error 5002 Not defined in file expand_doc_bib_avail.  |f 1  |g 1  |h N  |i 0  |k 1 
TYP |a Monograph 
TYP |a Printed language 
980 |a Mạng thư viện Đại học Đà Nẵng